| 000 | 01017nam a2200277Ia 4500 | ||
|---|---|---|---|
| 003 | OSt | ||
| 005 | 20221005111252.0 | ||
| 006 | a|||||r|||| 00| 0 | ||
| 007 | ta | ||
| 008 | 221004b |||||||| |||| 00| 0 hin d | ||
| 020 |
_a9789350002353 (hbk) _c200 |
||
| 024 | _a11831 | ||
| 037 |
_b331, 20/03/2014, Vani Prakashan _cTextual |
||
| 040 |
_aCRL _cCRL _bhin |
||
| 041 |
_2hin _ahin |
||
| 082 | _aO157,3N62,NI, 152Q0 | ||
| 100 | _aनसरीन, तसलीमा | ||
| 245 | 0 | _aनिमन्त्रण | |
| 246 | _aNimantraṇa | ||
| 260 |
_aनई दिल्ली _bवाणी प्रकाशन भारत _c2010 |
||
| 300 |
_a119पृ0 _ccm. |
||
| 650 | _aहिन्दी साहित्य | ||
| 700 | _a गुप्ता, सुशील, अनु. | ||
| 942 |
_hO157,3N62,NI, 152Q0 _cTEXL _2cc |
||
| 999 |
_c1021321 _d1021321 |
||